| 000 -LEADER |
| fixed length control field |
00760nam a22002057a 4500 |
| 005 - DATE AND TIME OF LATEST TRANSACTION |
| control field |
20260209115946.0 |
| 008 - FIXED-LENGTH DATA ELEMENTS--GENERAL INFORMATION |
| fixed length control field |
260209s2026 gw ||||| |||| 00| 0 goh d |
| 020 ## - INTERNATIONAL STANDARD BOOK NUMBER |
| International Standard Book Number |
9783126071734 |
| 041 ## - LANGUAGE CODE |
| Language code of text/sound track or separate title |
goh |
| 080 ## - UNIVERSAL DECIMAL CLASSIFICATION NUMBER |
| Universal Decimal Classification number |
811.112.1 N-46 |
| 245 ## - TITLE STATEMENT |
| Title |
Netzwerk neu B1 : |
| Remainder of title |
Übungsbuch mit Audios / |
| Statement of responsibility, etc. |
Stefanie Dengler, Paul Rusch, Helen Schmitz. Tanja Sieber, |
| 264 ## - PRODUCTION, PUBLICATION, DISTRIBUTION, MANUFACTURE, AND COPYRIGHT NOTICE |
| Place of production, publication, distribution, manufacture |
Shuttgart : |
| Name of producer, publisher, distributor, manufacturer |
Ernst Klett Sprachen, |
| Date of production, publication, distribution, manufacture, or copyright notice |
2026. |
| 300 ## - PHYSICAL DESCRIPTION |
| Extent |
160 p.: |
| Other physical details |
ill. |
| Dimensions |
29 cm. |
| 653 ## - INDEX TERM--UNCONTROLLED |
| keyword |
გერმანული ენა |
| 700 ## - ADDED ENTRY--PERSONAL NAME |
| Personal name |
Dengler, Stefanie |
| Relator term |
ავტორი |
| 9 (RLIN) |
26827 |
| 700 ## - ADDED ENTRY--PERSONAL NAME |
| Personal name |
Rusch, Paul |
| Relator term |
ავტორი |
| 9 (RLIN) |
26828 |
| 700 ## - ADDED ENTRY--PERSONAL NAME |
| Personal name |
Schmitz, Helen |
| Relator term |
ავტორი |
| 9 (RLIN) |
26829 |
| 700 ## - ADDED ENTRY--PERSONAL NAME |
| Personal name |
Mayr,Tanja |
| Relator term |
ავტორი |
| 9 (RLIN) |
26830 |
| 942 ## - ADDED ENTRY ELEMENTS (KOHA) |
| Source of classification or shelving scheme |
|
| Koha item type |
წიგნი |